Manual de derecho administrativo español / Sabino Álvarez-Gendín
Descripción Física:
725 p. ; 23 cm
Materias:
Dret administratiu -- Espanya
MARC
| LEADER | 00000nam a2200000Ia 4500 | ||
|---|---|---|---|
| 001 | 236 | ||
| 008 | 160829s1954 xx 000 0 cat d | ||
| 080 | |a D-3-4 | ||
| 100 | |a Álvarez-Gendín, Sabino |9 23656 | ||
| 245 | |a Manual de derecho administrativo español / Sabino Álvarez-Gendín | ||
| 260 | |a Barcelona : |b Bosch, |c 1954 | ||
| 300 | |a 725 p. ; |c 23 cm | ||
| 650 | 0 | |a Dret administratiu |z Espanya |9 23238 | |
| 901 | |a Arxiu | ||
| 942 | |n 1 | ||
| 952 | |0 1 |1 0 |2 udc |4 0 |5 2 |6 D34 |7 1 |9 42797 |a Arxiu |b Arxiu |d 2016-12-01 |l 0 |o D-3-4 |p 236 |r 2016-12-01 00:00:00 |w 2016-12-01 |y ARXIU | ||
| 999 | |c 45303 |d 45303 | ||